|
|
|
|
| LEADER |
00000nam0a2200000 4500 |
| 001 |
262217 |
| 005 |
20231101233631.0 |
| 035 |
|
|
|a (RuTPU)RU\TPU\book\285199
|
| 090 |
|
|
|a 262217
|
| 100 |
|
|
|a 20140530d1947 m y0rusy50 ca
|
| 101 |
0 |
|
|a rus
|
| 102 |
|
|
|a RU
|
| 105 |
|
|
|a a j 000zy
|
| 200 |
1 |
|
|a Практические работы по общей химии
|f Л. М. Волштейн [и др.]
|g Ленинградский технологический институт им. Ленсовета (ЛТИ) ; под ред. А. А. Гринберга
|
| 210 |
|
|
|a Ленинград
|c Изд-во Ленинградского технологического ин-та
|d 1947
|
| 215 |
|
|
|a 72 с.
|c ил.
|
| 606 |
1 |
|
|a Химия общая
|2 stltpush
|3 (RuTPU)RU\TPU\subj\67862
|9 83510
|
| 610 |
1 |
|
|a учебные пособия
|
| 610 |
1 |
|
|a практические работы
|
| 610 |
1 |
|
|a химические лаборатории
|
| 610 |
1 |
|
|a количественные измерения
|
| 610 |
1 |
|
|a перекись водорода
|
| 610 |
1 |
|
|a химические элементы
|
| 610 |
1 |
|
|a химические реакции
|
| 610 |
1 |
|
|a химическое равновесие
|
| 610 |
1 |
|
|a электролитическая диссоциация
|
| 610 |
1 |
|
|a комплексные соединения
|
| 610 |
1 |
|
|a периодическая система элементов
|
| 675 |
|
|
|a 54(076.5)
|v 3
|
| 701 |
|
1 |
|a Волштейн
|b Л. М.
|
| 701 |
|
1 |
|a Гольбрайх
|b З. Е.
|
| 701 |
|
1 |
|a Гринберг
|b А. А.
|
| 701 |
|
1 |
|a Кульба
|b Ф. Я.
|
| 701 |
|
1 |
|a Максимюк
|b Е. А.
|
| 701 |
|
1 |
|a Птицын
|b Б. В.
|
| 702 |
|
1 |
|a Гринберг
|b А. А.
|4 340
|
| 712 |
0 |
2 |
|a Ленинградский технологический институт им. Ленсовета (ЛТИ)
|2 stltpush
|3 (RuTPU)RU\TPU\col\1462
|
| 801 |
|
1 |
|a RU
|b 63413507
|c 20140530
|
| 801 |
|
2 |
|a RU
|b 63413507
|c 20140605
|g RCR
|
| 942 |
|
|
|c BK
|